Stati per forma di governo - Monarchie costituzionali - Statistics

Statistiche generali
  • Questo quiz è stato fatto 45 volte
  • Il punteggio medio è 5 su 8
Statistiche sulle risposte
Continente Stato % Corretto
Europa Monaco
77%
Africa Marocco
74%
Europa Liechtenstein
67%
Asia Bhutan
56%
Oceania Tonga
56%
Asia Giordania
51%
Asia Bahrein
44%
Asia Kuwait
36%
Nessun quiz corrispondente trovato
Distribuzione punteggi
Percentuale di utenti per punteggio
Percentile per numero di risposta
I tuoi punteggi nel tempo
Non hai fatto questo quiz